Poesía y arte de los árabes en España y Sicilia / (Record no. 164874)
[ view plain ]
| 000 -LEADER | |
|---|---|
| campo de control de longitud fija | 01105nam a22002415i 4500 |
| 001 - NÚMERO DE CONTROL | |
| campo de control | 164874 |
| 003 - IDENTIFICADOR DE NÚMERO DE CONTROL | |
| campo de control | ES-MaACL |
| 005 - FECHA Y HORA DE LA ÚLTIMA TRANSACCIÓN | |
| campo de control | 20250930063145.0 |
| 008 - DATOS DE LONGITUD FIJA--INFORMACIÓN GENERAL | |
| campo de control de longitud fija | 940301s1872 sp |||| | spa d |
| 100 1# - ENTRADA PRINCIPAL--NOMBRE DE PERSONA | |
| Nombre de persona | Schack, Adolph Friedrich von, |
| Fechas asociadas al nombre | 1815-1894 |
| 9 (RLIN) | 132530 |
| 245 10 - MENCIÓN DEL TÍTULO | |
| Título | Poesía y arte de los árabes en España y Sicilia / |
| Mención de responsabilidad, etc. | por Adolfo Federico de Schack ; traducción del alemán por Juan Valera. |
| 250 ## - MENCION DE EDICION | |
| Mención de edición | 2ª ed. |
| 260 ## - PUBLICACIÓN, DISTRIBUCIÓN, ETC. | |
| Lugar de publicación, distribución, etc. | Madrid : |
| Nombre del editor, distribuidor, etc. | [s.n.], |
| Fecha de publicación, distribución, etc. | 1872 ( |
| Fabricante | Imp. y Estereotipia de M. Rivadeneyra) |
| 300 ## - DESCRIPCIÓN FÍSICA | |
| Extensión | 3 t. en 1 v. ; |
| Dimensiones | 19 cm. |
| 530 ## - NOTA DISPONIBLE DE FORMULARIO FÍSICO ADICIONAL | |
| Nota de formato físico adicional disponible | Disponible en formato digital. |
| 650 #4 - PUNTO DE ACCESO ADICIONAL DE MATERIA--TÉRMINO DE MATERIA | |
| Término de materia o nombre geográfico como elemento de entrada | Poesía árabe- |
| Subdivisión geográfica | Al-Andalus- |
| Subdivisión general | Historia y crítica. |
| 9 (RLIN) | 158441 |
| 650 #4 - PUNTO DE ACCESO ADICIONAL DE MATERIA--TÉRMINO DE MATERIA | |
| Término de materia o nombre geográfico como elemento de entrada | Arquitectura musulmana- |
| Subdivisión geográfica | España. |
| 9 (RLIN) | 10037 |
| 650 #4 - PUNTO DE ACCESO ADICIONAL DE MATERIA--TÉRMINO DE MATERIA | |
| Término de materia o nombre geográfico como elemento de entrada | Arquitectura musulmana- |
| Subdivisión geográfica | Sicilia. |
| 9 (RLIN) | 158442 |
| 700 1# - ENTRADA AGREGADA--NOMBRE PERSONAL | |
| Nombre de persona | Valera, Juan, |
| Fechas asociadas al nombre | 1824-1905 |
| 9 (RLIN) | 112638 |
| 852 ## - LOCALIZACIÓN | |
| Ubicación | ES-MaACL |
| Número de control de estantería | F-12374 |
| Nota libre | - Enc. hol. |
| -- | - Ded. de Juan Valera a Carlos Navarro Rodríguez |
| 856 ## - LOCALIZACIÓN Y ACCESO ELECTRÓNICOS | |
| Identificador Uniforme de Recursos | <a href="http://www.bibliotecavirtualdeandalucia.es/catalogo/es/consulta/registro.do?id=1044717">http://www.bibliotecavirtualdeandalucia.es/catalogo/es/consulta/registro.do?id=1044717</a> |
| Nota pública | Biblioteca Virtual de Andalucía |
| Estatus retirado | Estado de pérdida | Estado de daño | No para préstamo | Colección | Biblioteca de origen | Biblioteca actual | Ubicación en estantería | Fecha de adquisición | Fuente de adquisición | Total de préstamos | Signatura topográfica completa | Código de barras | Visto por última vez | Precio de reemplazo | Tipo de ítem Koha |
|---|---|---|---|---|---|---|---|---|---|---|---|---|---|---|---|
| Colección digital | Biblioteca del Ateneo de Madrid | Biblioteca del Ateneo de Madrid | Sala Pecera Planta 2 | 17/01/2008 | F-12374 | 1172836 | 23/02/2023 | 23/02/2023 | Libro impreso antiguo |
